| 000 | 00486nam a22001697a 4500 | ||
|---|---|---|---|
| 005 | 20231027094252.0 | ||
| 008 | 231027b |||||||| |||| 00| 0 eng d | ||
| 020 | _a9780349106533 | ||
| 041 | _aEnglish | ||
| 082 | _a968.8 MAN | ||
| 100 |
_aMandela, N _lEnglish |
||
| 245 |
_aLong Walk to Freedom / _cN Mandela |
||
| 260 |
_aGreat Britain : _bAbacus, _c1994 |
||
| 300 |
_bx, 768 pages ; _c20, 5 cm. |
||
| 650 |
_aLegal practice _bLaw |
||
| 942 |
_cBK _6ALISON_BN_VRIES |
||
| 999 |
_c108 _d108 |
||